000 00690nam a22002297a 4500
003 UA-OsUOA
001 74501
007 ta
008 20110411b un ||||| |||| 00| 0 ukr d
100 _aПокрищук В.
700 _aКоваль С.
090 _a330(477)
_bП48
942 _cSA
040 _aUA-OsUOA
_bukr
_cUA-OsUOA
_dUA-OsUOA
245 _aПроблеми гендерної зайнятості населення на ринку праці України
300 _aС.3-11
955 _a0
041 _aukr
080 _a330(477)
773 0 _w74500
_tУкраїна: аспекти праці
_dК.
_d2011
_g2
650 7 _a330 Економіка взагалі
_2UDC
999 _c360792
_d360792